000 00670nam a2200205Ia 4500
001 5556
003 GE_BSU
008 181216s||||||||xx |||||||||||||| ||und||
040 _cGE_BSU
080 _a51:53
100 _aКарман Т. Био М.
245 _aМатематические методы в инженерном деле.
245 _cПер с английского М.Г. Шестопал. Под ред. А.М. Лопшица.
260 _aМосква
260 _bГостехиздат
260 _c1946
300 _a422 с. 22 см.
653 _aМатематические методы в инженерном деле.
942 _cBK
999 _c39036
_d39036